| 000 -CABECERA |
| fixed length control field |
03087nam a22004337a 4500 |
| 003 - IDENTIFICADOR DEL NÚMERO DE CONTROL |
| control field |
AR-CdUCM |
| 008 - DATOS DE LONGITUD FIJA--INFORMACIÓN GENERAL |
| fixed length control field |
190425b ||||| |||| 00| 0 spa d |
| 040 ## - FUENTE DE LA CATALOGACIÓN |
| Agencia/entidad que catalogó originalmente la obra |
MUNICIPALIDAD PROVINCIAL DEL CUSCO |
| Entidad que transcribió la catalogación |
BIBLIOTECA MUNICIPAL DEL CUSCO |
| 082 ## - NÚMERO DE LA CLASIFICACIÓN DECIMAL DEWEY |
| No. de Clasificación |
Rev.AHC/N°17/2005 |
| 110 ## - ENTRADA PRINCIPAL--NOMBRE DE ENTIDAD CORPORATIVA |
| Nombre de la institución, jurisdicción como entrada principal |
Archivo Regional del Cusco |
| 9 (RLIN) |
46600 |
| 245 ## - MENCIÓN DE TÍTULO |
| Título |
Revista del Archivo Regional del Cusco / |
| Mención de responsabilidad |
Archivo Regional del Cusco |
| 260 ## - PUBLICACIÓN, DISTRIBUCIÓN, ETC. |
| Lugar de publicación, distribución, etc. |
Cusco : |
| Nombre de la editorial, distribuidor, etc. |
Kopy Graf, |
| Fecha de publicación, distribución, etc. |
2005. |
| 300 ## - DESCRIPCIÓN FÍSICA |
| Nº de Páginas Extensión |
259 páginas. : |
| Dimensiones |
23 cm. |
| 440 ## - MENCIÓN DE SERIE/PUNTO DE ACCESO ADICIONAL--TÍTULO |
| Título |
Revista del Archivo Histórico Regional del Cusco. |
| Número de la parte/sección de una obra |
N°17, 2005. |
| 9 (RLIN) |
46666 |
| 505 ## - NOTA DE CONTENIDO CON FORMATO |
| Nota de contenido formateada |
Contenido: El archivo Regional y el turismo intelectual. -- A la memoria del Dr. Horacio Antonio Villanueva Urteaga. Juan Fernando Vargas Béjar. -- Veintidos barrios en el Cusco Incaico. Víctor Ángles Vargas. .-- Los nietos del Inca Lloque Yupangui, la panaca haguainin y los Tisoc Sayre Tupa. Donato Amado Gonzales. -- El alférez real de indios nobles del Cusco, desconocimiento y continuidad institucional 1780-1824. Yeni Olazábal Navarro. Marleny Velásquez Gamboa. -- San Jerónimo entre ayllus reales y haciendas españolas. Calixto Coanqui Quispe. -- El Hospital de naturales del Cusco, su fundación y otras informaciones de sus orígenes y primeros tiempos. Jorge Olivera Olivera. -- Cacicazgo y poder en Huayllabamba. Eleazar Crucinta Ugarte. -- Los Antis y el extractivismo mercantil en Madre de Dios 1567-1910. Oscar Paredes Pando.-- Perezoso y bellaco, mitología es'ejja. Alain Monnier. -- Santiago Mata indios y Virgen María en el Suntur Wasi. Ana María Gálvez Barriera. -- Medio y ruta de los datos en la historia, formas legales como medio y ruta del registro de la historia. Hugo A, Altamirano Vega. -- La catedral del Cusco, desde sus fundaciones hasta su consagración 1534-1668. Armando Harvey Valencia, Katherine Harvey Recharte. -- El aporte valioso del Cusco a la independencia peruana en el periodo de diputado de don Juan Ángel Bujanda. Roberto Cáceres Olivera. La minería y el capital extranjero en el sur andino 1900-1920. Víctor R. Aguilar Callo, Luis F. Medina Suyo. -- Identidad y sucesión, la nobleza indígena cusqueña. Margareth Najarro. |
| 650 ## - PUNTO DE ACCESO ADICIONAL DE MATERIA--TÉRMINO DE MATERIA |
| Descriptor |
Turismo |
| 9 (RLIN) |
46667 |
| 650 ## - PUNTO DE ACCESO ADICIONAL DE MATERIA--TÉRMINO DE MATERIA |
| Descriptor |
Inkas |
| 9 (RLIN) |
1899 |
| 650 ## - PUNTO DE ACCESO ADICIONAL DE MATERIA--TÉRMINO DE MATERIA |
| Descriptor |
Barrios inkas |
| 9 (RLIN) |
46668 |
| 650 ## - PUNTO DE ACCESO ADICIONAL DE MATERIA--TÉRMINO DE MATERIA |
| Descriptor |
Alférez Real |
| 9 (RLIN) |
46669 |
| 650 ## - PUNTO DE ACCESO ADICIONAL DE MATERIA--TÉRMINO DE MATERIA |
| Descriptor |
San Jerónimo |
| 9 (RLIN) |
30852 |
| 650 ## - PUNTO DE ACCESO ADICIONAL DE MATERIA--TÉRMINO DE MATERIA |
| Descriptor |
Hospital de Naturales Cusco |
| 9 (RLIN) |
46670 |
| 650 ## - PUNTO DE ACCESO ADICIONAL DE MATERIA--TÉRMINO DE MATERIA |
| Descriptor |
Cacicazgo |
| 9 (RLIN) |
46631 |
| 650 ## - PUNTO DE ACCESO ADICIONAL DE MATERIA--TÉRMINO DE MATERIA |
| Descriptor |
Minería |
| 9 (RLIN) |
430 |
| 650 ## - PUNTO DE ACCESO ADICIONAL DE MATERIA--TÉRMINO DE MATERIA |
| Descriptor |
Santiago Apóstol |
| 9 (RLIN) |
46671 |
| 650 ## - PUNTO DE ACCESO ADICIONAL DE MATERIA--TÉRMINO DE MATERIA |
| Descriptor |
Catedral del Cusco |
| 9 (RLIN) |
46672 |
| 700 ## - PUNTO DE ACCESO ADICIONAL--NOMBRE DE PERSONA |
| Nombre Personal |
Amado Gonzales, Donato |
| 9 (RLIN) |
45219 |
| 700 ## - PUNTO DE ACCESO ADICIONAL--NOMBRE DE PERSONA |
| Nombre Personal |
Cáceres Olivera, Roberto |
| 9 (RLIN) |
46587 |
| 700 ## - PUNTO DE ACCESO ADICIONAL--NOMBRE DE PERSONA |
| Nombre Personal |
Villanueva Urteaga, Horacio |
| 9 (RLIN) |
5790 |
| 700 ## - PUNTO DE ACCESO ADICIONAL--NOMBRE DE PERSONA |
| Nombre Personal |
Najarro Espinoza, Margareth |
| 9 (RLIN) |
1300 |
| 700 ## - PUNTO DE ACCESO ADICIONAL--NOMBRE DE PERSONA |
| Nombre Personal |
Angles Vargas, Víctor |
| 9 (RLIN) |
46665 |
| 700 ## - PUNTO DE ACCESO ADICIONAL--NOMBRE DE PERSONA |
| Nombre Personal |
Coanqui Quispe, Calixto |
| 9 (RLIN) |
44118 |
| 700 ## - PUNTO DE ACCESO ADICIONAL--NOMBRE DE PERSONA |
| Nombre Personal |
Olivera Olivera, Jorge |
| 9 (RLIN) |
46673 |
| 700 ## - PUNTO DE ACCESO ADICIONAL--NOMBRE DE PERSONA |
| Nombre Personal |
Crucinta Ugarte, Eleazar |
| 9 (RLIN) |
5525 |
| 700 ## - PUNTO DE ACCESO ADICIONAL--NOMBRE DE PERSONA |
| Nombre Personal |
Paredes Pando, Oscar |
| 9 (RLIN) |
14521 |
| 700 ## - PUNTO DE ACCESO ADICIONAL--NOMBRE DE PERSONA |
| Nombre Personal |
Gálvez Barrera, Ana María |
| 9 (RLIN) |
46149 |
| 700 ## - PUNTO DE ACCESO ADICIONAL--NOMBRE DE PERSONA |
| Nombre Personal |
Medina Suyo, Luis |
| 9 (RLIN) |
46683 |
| 942 ## - ELEMENTOS DE PUNTO DE ACCESO ADICIONAL (KOHA) |
| Fuente de clasificación |
|
| Tipo de item |
Revistas cusqueñas |
| 945 ## - PROCESAMIENTO DE INFORMACIÓN LOCAL (OCLC) |
| Catalogador |
rac |